Mario Kart World - les Personnages [en image] - Statistiques

Statistiques générales
  • Ce quiz a été pris 179 fois
    59 depuis la dernière actualisation
  • Le résultat moyen est 40 sur 50
Statistiques - réponses
Par images Réponse % Correct
Bowser
100%
Koopa Troopa
100%
Luigi
100%
Mario
100%
Princesse Daisy
100%
Princesse Peach
100%
Toad
100%
Waluigi
100%
Wario
100%
Yoshi
100%
Bébé Daisy
98%
Bébé Harmonie
98%
Bébé Mario
98%
Bébé Peach
98%
Birdo
98%
Bowser Jr.
98%
Donkey Kong
98%
Goomba
98%
Harmonie
98%
Roi Boo
98%
Toadette
98%
Bébé Luigi
96%
Lakitu
93%
Maskass
93%
Skelerex
89%
Pauline
87%
Frère Marto
84%
Vache
84%
Wiggler
84%
Bonhomme de neige
82%
Topi Taupe
82%
Pingouin
80%
Carottin
78%
Cheep-Cheep
76%
Dauphin
73%
Plante Piranha
73%
Spike
71%
Zarbipas
67%
Pokey
62%
Bill Dozer
60%
Pianta
53%
Ossec
51%
Butitine
49%
Paracoccinelly
49%
Torti Taupe
49%
Paltrak
44%
Swooper
44%
Crapognon
38%
Pico Condor
38%
Catacouac
33%
Aucun quiz correspondant
Distribution des résultats
% des personnes avec chaque résultat
Percentile par nombre de réponses
Votre historique - résultats
Vous n’avez pas pris ce quiz depuis la dernière actualisation